Geografía de la Europa central (Record no. 124542)

MARC details
000 -LEADER
campo de control de longitud fija 00836nam a2200229 i 4500
001 - NÚMERO DE CONTROL
campo de control 124542
003 - IDENTIFICADOR DE NÚMERO DE CONTROL
campo de control ES-MaACL
005 - FECHA Y HORA DE LA ÚLTIMA TRANSACCIÓN
campo de control 20250813062626.0
007 - CAMPO FIJO DE DESCRIPCIÓN FÍSICA--INFORMACIÓN GENERAL
campo de control de longitud fija t|
008 - DATOS DE LONGITUD FIJA--INFORMACIÓN GENERAL
campo de control de longitud fija 070329s1933 sp abf |||| | spa d
080 ## - NÚMERO DE LA CLASIFICACIÓN DECIMAL UNIVERSAL
Número de la Clasificación Decimal Universal 914-191.2
100 1# - ENTRADA PRINCIPAL--NOMBRE DE PERSONA
Nombre de persona Machatschek, Fritz.
9 (RLIN) 75177
245 10 - MENCIÓN DEL TÍTULO
Título Geografía de la Europa central
Resto del título : (Alemania, Austria, Checoslovaquia, Polonia, Hungría y Rumanía) /
Mención de responsabilidad, etc. Fritz Machatschek ; traducción directa del alemán por L. Martín Echeverria.
260 ## - PUBLICACIÓN, DISTRIBUCIÓN, ETC.
Lugar de publicación, distribución, etc. Barcelona :
Nombre del editor, distribuidor, etc. Labor,
Fecha de publicación, distribución, etc. [1933]
300 ## - DESCRIPCIÓN FÍSICA
Extensión 2 v. (lám., mapas pleg.) :
Otras características físicas il. ;
Dimensiones 17 cm.
490 1# - MENCIÓN DE SERIE
Mención de serie Colección Labor ;
Designación de volumen o secuencia 324-327
651 #4 - PUNTO DE ACCESO ADICIONAL DE MATERIA--NOMBRE GEOGRÁFICO
Nombre geográfico Europa central-
Subdivisión general Geografía.
9 (RLIN) 12611
700 1# - ENTRADA AGREGADA--NOMBRE PERSONAL
Nombre de persona Martín Echeverría, Leonardo.
9 (RLIN) 77479
830 00 - PUNTO DE ACCESO ADICIONAL DE SERIE-TÍTULO UNIFORME
Título uniforme Colección Labor
Designación de volumen o secuencia 324-327
9 (RLIN) 184254
852 ## - LOCALIZACIÓN
Ubicación ES-MaACL
Número de control de estantería E-2813-14
Holdings
Estatus retirado Estado de pérdida Estado de daño No para préstamo Biblioteca de origen Biblioteca actual Ubicación en estantería Fecha de adquisición Fuente de adquisición Total de préstamos Signatura topográfica completa Código de barras Visto por última vez Precio de reemplazo Tipo de ítem Koha
        Biblioteca del Ateneo de Madrid Biblioteca del Ateneo de Madrid Depósito 2 17/01/2008     E-2813-14 1129757 23/02/2023 23/02/2023 Libro impreso